[Event "ODJM B 2025"]
[Site "Willingen GER"]
[Date "2025.06.11"]
[Round "5"]
[White "John, Linnea"]
[Black "Tabales, Lennart"]
[Result "0-1"]
[Termination "normal"]
[Board "2"]
[WhiteElo "1631"]
[BlackElo "1775"]
[WhiteClock "00:15:58"]
[BlackClock "00:31:09"]
[PlyCount "108"]
[WhiteFideId "34623680"]
[BlackFideId "34604057"]
[EventCountry "GER"]
[EventRounds "9"]
[EventType "swiss"]
[EventDate "2025.06.07"]

1. e4 {[%clk 01:30:57]} {[%emt 00:00:02]} c5 {[%clk 01:30:55]} {[%emt
00:00:05]} 2. Nf3 {[%clk 01:31:24]} {[%emt 00:00:04]} d6 {[%clk 01:31:21]}
{[%emt 00:00:04]} 3. Bb5+ {[%clk 01:31:50]} {[%emt 00:00:04]} Nd7 {[%clk
01:31:26]} {[%emt 00:00:25]} 4. O-O {[%clk 01:26:23]} {[%emt 00:05:56]} a6
{[%clk 01:30:16]} {[%emt 00:01:41]} 5. Bxd7+ {[%clk 01:26:47]} {[%emt
00:00:06]} Bxd7 {[%clk 01:30:34]} {[%emt 00:00:12]} 6. d4 {[%clk 01:24:10]}
{[%emt 00:03:07]} cxd4 {[%clk 01:29:27]} {[%emt 00:01:37]} 7. Qxd4 {[%clk
01:24:34]} {[%emt 00:00:06]} Nf6 {[%clk 01:22:49]} {[%emt 00:07:08]} 8. Bg5
{[%clk 01:22:53]} {[%emt 00:02:11]} e6 {[%clk 01:18:06]} {[%emt 00:05:14]} 9.
Nc3 {[%clk 01:12:45]} {[%emt 00:10:38]} Be7 {[%clk 01:07:11]} {[%emt 00:11:24]}
10. Rad1 {[%clk 01:05:10]} {[%emt 00:08:04]} Bc6 {[%clk 00:57:06]} {[%emt
00:10:35]} 11. e5 {[%clk 00:52:05]} {[%emt 00:13:36]} dxe5 {[%clk 00:56:47]}
{[%emt 00:00:49]} 12. Qxd8+ {[%clk 00:52:11]} {[%emt 00:00:24]} Bxd8 {[%clk
00:54:20]} {[%emt 00:02:57]} 13. Nxe5 {[%clk 00:52:22]} {[%emt 00:00:19]} Rc8
{[%clk 00:50:58]} {[%emt 00:03:52]} 14. Nxc6 {[%clk 00:47:13]} {[%emt
00:05:38]} Rxc6 {[%clk 00:48:57]} {[%emt 00:02:32]} 15. Ne4 {[%clk 00:43:33]}
{[%emt 00:04:10]} Be7 {[%clk 00:48:08]} {[%emt 00:01:19]} 16. Nc3 {[%clk
00:39:13]} {[%emt 00:04:50]} O-O {[%clk 00:40:14]} {[%emt 00:08:24]} 17. a3
{[%clk 00:32:10]} {[%emt 00:07:32]} Bxa3 {[%clk 00:34:49]} {[%emt 00:05:56]}
18. Bxf6 {[%clk 00:27:21]} {[%emt 00:05:18]} gxf6 {[%clk 00:34:50]} {[%emt
00:00:29]} 19. Na4 {[%clk 00:25:00]} {[%emt 00:02:52]} Bd6 {[%clk 00:34:21]}
{[%emt 00:00:59]} 20. Rd3 {[%clk 00:18:35]} {[%emt 00:06:55]} Rd8 {[%clk
00:32:54]} {[%emt 00:01:57]} 21. Rfd1 {[%clk 00:18:22]} {[%emt 00:00:43]} Kf8
{[%clk 00:27:13]} {[%emt 00:06:11]} 22. Nc3 {[%clk 00:17:40]} {[%emt 00:01:12]}
Ke7 {[%clk 00:26:37]} {[%emt 00:01:06]} 23. g3 {[%clk 00:17:44]} {[%emt
00:00:25]} Bc7 {[%clk 00:25:45]} {[%emt 00:01:22]} 24. Rxd8 {[%clk 00:14:05]}
{[%emt 00:04:09]} Bxd8 {[%clk 00:26:13]} {[%emt 00:00:02]} 25. Rc1 {[%clk
00:14:22]} {[%emt 00:00:13]} Ba5 {[%clk 00:25:24]} {[%emt 00:01:19]} 26. Nb1
{[%clk 00:13:17]} {[%emt 00:01:35]} Rb6 {[%clk 00:20:57]} {[%emt 00:04:58]} 27.
b3 {[%clk 00:13:05]} {[%emt 00:00:42]} f5 {[%clk 00:19:44]} {[%emt 00:01:42]}
28. Na3 {[%clk 00:12:35]} {[%emt 00:01:00]} Rc6 {[%clk 00:18:59]} {[%emt
00:01:15]} 29. Nc4 {[%clk 00:12:54]} {[%emt 00:00:11]} Bc3 {[%clk 00:19:01]}
{[%emt 00:00:28]} 30. Rd1 {[%clk 00:11:44]} {[%emt 00:01:40]} e5 {[%clk
00:14:07]} {[%emt 00:05:25]} 31. Rd3 {[%clk 00:11:20]} {[%emt 00:00:53]} Ba1
{[%clk 00:13:26]} {[%emt 00:01:11]} 32. c3 {[%clk 00:10:27]} {[%emt 00:01:23]}
e4 {[%clk 00:13:16]} {[%emt 00:00:40]} 33. Re3 {[%clk 00:09:22]} {[%emt
00:01:35]} b5 {[%clk 00:13:33]} {[%emt 00:00:13]} 34. Ne5 {[%clk 00:08:37]}
{[%emt 00:01:13]} Rxc3 {[%clk 00:11:15]} {[%emt 00:02:51]} 35. Re1 {[%clk
00:08:48]} {[%emt 00:00:18]} Bb2 {[%clk 00:11:34]} {[%emt 00:00:11]} 36. Kg2
{[%clk 00:08:36]} {[%emt 00:00:42]} Rxb3 {[%clk 00:11:47]} {[%emt 00:00:18]}
37. Rb1 {[%clk 00:08:23]} {[%emt 00:00:42]} f6 {[%clk 00:11:21]} {[%emt
00:00:56]} 38. Nc6+ {[%clk 00:08:42]} {[%emt 00:00:11]} Kd7 {[%clk 00:10:06]}
{[%emt 00:01:46]} 39. Nb8+ {[%clk 00:07:42]} {[%emt 00:01:30]} Kc7 {[%clk
00:08:46]} {[%emt 00:01:50]} 40. Nxa6+ {[%clk 00:08:06]} {[%emt 00:00:05]} Kb6
{[%clk 00:09:06]} {[%emt 00:00:11]} 41. Nb8 {[%clk 00:07:57]} {[%emt 00:00:35]}
Rb4 {[%clk 00:06:23]} {[%emt 00:03:16]} 42. Nd7+ {[%clk 00:06:41]} {[%emt
00:01:46]} Ka5 {[%clk 00:04:39]} {[%emt 00:02:14]} 43. Nb8 {[%clk 00:03:54]}
{[%emt 00:03:16]} Rb3 {[%clk 00:03:18]} {[%emt 00:01:52]} 44. Nc6+ {[%clk
00:27:46]} {[%emt 00:06:38]} Ka4 {[%clk 00:33:26]} {[%emt 00:00:22]} 45. Ne7
{[%clk 00:27:43]} {[%emt 00:00:34]} Ba3 {[%clk 00:32:45]} {[%emt 00:01:10]} 46.
Ra1 {[%clk 00:28:05]} {[%emt 00:00:08]} Rf3 {[%clk 00:32:26]} {[%emt 00:00:49]}
47. Nc6 {[%clk 00:21:46]} {[%emt 00:06:49]} Rc3 {[%clk 00:29:45]} {[%emt
00:03:11]} 48. Nd4 {[%clk 00:20:57]} {[%emt 00:01:19]} b4 {[%clk 00:29:36]}
{[%emt 00:00:38]} 49. Ne2 {[%clk 00:18:34]} {[%emt 00:02:53]} Rd3 {[%clk
00:29:49]} {[%emt 00:00:17]} 50. Rb1 {[%clk 00:16:24]} {[%emt 00:02:40]} b3
{[%clk 00:29:41]} {[%emt 00:00:38]} 51. Nf4 {[%clk 00:15:41]} {[%emt 00:01:12]}
b2 {[%clk 00:29:47]} {[%emt 00:00:24]} 52. Nxd3 {[%clk 00:15:58]} {[%emt
00:00:13]} exd3 {[%clk 00:30:16]} {[%emt 00:00:01]} 53. Kf3 {[%clk 00:16:11]}
{[%emt 00:00:17]} Kb3 {[%clk 00:30:44]} {[%emt 00:00:01]} 54. Ke3 {[%clk
00:15:58]} {[%emt 00:00:43]} Kc2 {[%clk 00:31:09]} {[%emt 00:00:06]} 0-1

[Event "ODJM B 2025"]
[Site "Willingen GER"]
[Date "2025.06.11"]
[Round "5"]
[White "Lattreuter, Alexander"]
[Black "Reuß, Till-Christopher"]
[Result "1/2-1/2"]
[Termination "normal"]
[Board "3"]
[WhiteElo "1898"]
[BlackElo "1845"]
[WhiteClock "00:33:25"]
[BlackClock "00:23:59"]
[PlyCount "115"]
[WhiteFideId "34678387"]
[BlackFideId "533011524"]
[EventCountry "GER"]
[EventRounds "9"]
[EventType "swiss"]
[EventDate "2025.06.07"]

1. e4 {[%clk 01:30:25]} {[%emt 00:00:35]} e5 {[%clk 01:30:55]} {[%emt
00:00:05]} 2. d4 {[%clk 01:30:51]} {[%emt 00:00:03]} exd4 {[%clk 01:31:22]}
{[%emt 00:00:03]} 3. c3 {[%clk 01:31:19]} {[%emt 00:00:03]} dxc3 {[%clk
01:31:47]} {[%emt 00:00:05]} 4. Bc4 {[%clk 01:31:44]} {[%emt 00:00:05]} cxb2
{[%clk 01:32:13]} {[%emt 00:00:04]} 5. Bxb2 {[%clk 01:32:02]} {[%emt 00:00:11]}
Bb4+ {[%clk 01:32:40]} {[%emt 00:00:03]} 6. Nc3 {[%clk 01:32:26]} {[%emt
00:00:06]} Nf6 {[%clk 01:32:25]} {[%emt 00:00:45]} 7. Qb3 {[%clk 01:32:00]}
{[%emt 00:00:56]} Bxc3+ {[%clk 01:32:42]} {[%emt 00:00:14]} 8. Qxc3 {[%clk
01:32:27]} {[%emt 00:00:02]} O-O {[%clk 01:32:54]} {[%emt 00:00:18]} 9. Nf3
{[%clk 01:32:09]} {[%emt 00:00:48]} d6 {[%clk 01:31:10]} {[%emt 00:02:14]} 10.
O-O {[%clk 01:20:20]} {[%emt 00:12:19]} Nc6 {[%clk 01:24:37]} {[%emt 00:07:02]}
11. Rad1 {[%clk 01:14:01]} {[%emt 00:06:48]} Qe7 {[%clk 01:19:50]} {[%emt
00:05:17]} 12. e5 {[%clk 01:08:02]} {[%emt 00:06:29]} Nxe5 {[%clk 01:11:20]}
{[%emt 00:09:01]} 13. Rfe1 {[%clk 01:05:22]} {[%emt 00:03:10]} Re8 {[%clk
00:58:41]} {[%emt 00:13:09]} 14. Nxe5 {[%clk 01:00:44]} {[%emt 00:05:08]} dxe5
{[%clk 00:55:53]} {[%emt 00:03:18]} 15. Ba3 {[%clk 01:00:58]} {[%emt 00:00:16]}
c5 {[%clk 00:53:16]} {[%emt 00:03:07]} 16. Bxc5 {[%clk 01:01:05]} {[%emt
00:00:23]} Qc7 {[%clk 00:52:31]} {[%emt 00:01:15]} 17. Bd6 {[%clk 00:48:39]}
{[%emt 00:12:56]} Qc6 {[%clk 00:50:53]} {[%emt 00:02:08]} 18. Qb3 {[%clk
00:41:25]} {[%emt 00:07:44]} Be6 {[%clk 00:46:51]} {[%emt 00:04:33]} 19. Bxe6
{[%clk 00:41:27]} {[%emt 00:00:28]} Rxe6 {[%clk 00:46:00]} {[%emt 00:01:20]}
20. Bxe5 {[%clk 00:41:31]} {[%emt 00:00:26]} Rae8 {[%clk 00:44:04]} {[%emt
00:02:27]} 21. Bc3 {[%clk 00:37:30]} {[%emt 00:04:31]} Rxe1+ {[%clk 00:42:52]}
{[%emt 00:01:42]} 22. Rxe1 {[%clk 00:37:43]} {[%emt 00:00:16]} Rxe1+ {[%clk
00:38:18]} {[%emt 00:05:05]} 23. Bxe1 {[%clk 00:38:04]} {[%emt 00:00:09]} Qe6
{[%clk 00:36:01]} {[%emt 00:02:46]} 24. Kf1 {[%clk 00:33:45]} {[%emt 00:04:48]}
Qxb3 {[%clk 00:34:59]} {[%emt 00:01:33]} 25. axb3 {[%clk 00:34:09]} {[%emt
00:00:06]} Kf8 {[%clk 00:34:39]} {[%emt 00:00:50]} 26. Ke2 {[%clk 00:34:25]}
{[%emt 00:00:14]} Ke7 {[%clk 00:34:50]} {[%emt 00:00:20]} 27. Kd3 {[%clk
00:34:33]} {[%emt 00:00:21]} Kd6 {[%clk 00:33:41]} {[%emt 00:01:40]} 28. Kd4
{[%clk 00:32:43]} {[%emt 00:02:19]} Nd5 {[%clk 00:32:32]} {[%emt 00:01:39]} 29.
f3 {[%clk 00:32:11]} {[%emt 00:01:03]} f6 {[%clk 00:29:33]} {[%emt 00:03:29]}
30. g4 {[%clk 00:30:55]} {[%emt 00:01:45]} Kc6 {[%clk 00:27:47]} {[%emt
00:02:16]} 31. h4 {[%clk 00:30:40]} {[%emt 00:00:46]} g6 {[%clk 00:24:27]}
{[%emt 00:03:51]} 32. Bd2 {[%clk 00:27:32]} {[%emt 00:03:37]} Nc7 {[%clk
00:21:07]} {[%emt 00:03:44]} 33. Kc4 {[%clk 00:21:26]} {[%emt 00:06:41]} b6
{[%clk 00:17:26]} {[%emt 00:04:12]} 34. f4 {[%clk 00:18:53]} {[%emt 00:03:02]}
a5 {[%clk 00:15:52]} {[%emt 00:02:06]} 35. f5 {[%clk 00:17:40]} {[%emt
00:01:42]} gxf5 {[%clk 00:13:59]} {[%emt 00:02:22]} 36. gxf5 {[%emt 00:03:01]}
Ne8 {[%clk 00:11:31]} 37. Bc3 {[%clk 00:14:52]} {[%emt 00:03:45]} Nd6+ {[%clk
00:10:39]} {[%emt 00:01:22]} 38. Kd3 {[%clk 00:15:12]} {[%emt 00:00:09]} Kd5
{[%clk 00:08:51]} {[%emt 00:02:18]} 39. Bxf6 {[%clk 00:15:20]} {[%emt
00:00:23]} b5 {[%clk 00:07:25]} {[%emt 00:01:56]} 40. Bd8 {[%clk 00:14:52]}
{[%emt 00:00:57]} Nxf5 {[%clk 00:06:40]} {[%emt 00:01:15]} 41. Bxa5 {[%clk
00:15:05]} {[%emt 00:00:17]} Nxh4 {[%clk 00:05:33]} {[%emt 00:01:36]} 42. Ke3
{[%clk 00:14:34]} {[%emt 00:01:01]} Ng6 {[%clk 00:04:11]} {[%emt 00:01:52]} 43.
Bc3 {[%clk 00:14:21]} {[%emt 00:00:42]} h5 {[%clk 00:02:41]} {[%emt 00:02:01]}
44. Ba5 {[%clk 00:10:10]} {[%emt 00:04:41]} Kc5 {[%clk 00:30:02]} {[%emt
00:03:09]} 45. Bc3 {[%clk 00:40:25]} {[%emt 00:00:16]} Ne7 {[%clk 00:29:11]}
{[%emt 00:01:21]} 46. Kf3 {[%clk 00:38:32]} {[%emt 00:02:23]} Nd5 {[%clk
00:28:41]} {[%emt 00:01:01]} 47. Be1 {[%clk 00:34:08]} {[%emt 00:04:53]} Kd4
{[%clk 00:28:27]} {[%emt 00:00:45]} 48. Kg3 {[%clk 00:34:10]} {[%emt 00:00:27]}
Kd3 {[%clk 00:26:50]} {[%emt 00:02:08]} 49. Kh4 {[%clk 00:33:57]} {[%emt
00:00:42]} Nf6 {[%clk 00:24:48]} {[%emt 00:02:33]} 50. Kg5 {[%clk 00:34:03]}
{[%emt 00:00:21]} Ne4+ {[%clk 00:24:39]} {[%emt 00:00:42]} 51. Kxh5 {[%clk
00:34:19]} {[%emt 00:00:14]} Nd2 {[%clk 00:24:47]} {[%emt 00:00:22]} 52. Kg4
{[%clk 00:32:55]} {[%emt 00:01:52]} Nxb3 {[%clk 00:23:47]} {[%emt 00:01:33]}
53. Bb4 {[%clk 00:33:05]} {[%emt 00:00:19]} Kc4 {[%clk 00:23:55]} {[%emt
00:00:24]} 54. Ba3 {[%clk 00:33:04]} {[%emt 00:00:29]} Nd4 {[%clk 00:23:22]}
{[%emt 00:01:05]} 55. Kf4 {[%clk 00:32:49]} {[%emt 00:00:44]} Kb3 {[%clk
00:23:28]} {[%emt 00:00:26]} 56. Bd6 {[%clk 00:32:43]} {[%emt 00:00:34]} Nf3
{[%clk 00:23:32]} {[%emt 00:00:26]} 57. Kxf3 {[%clk 00:33:03]} {[%emt
00:00:10]} b4 {[%clk 00:23:59]} {[%emt 00:00:04]} 58. Bxb4 {[%clk 00:33:25]}
{[%emt 00:00:08]} 1/2-1/2

[Event "ODJM B 2025"]
[Site "Willingen GER"]
[Date "2025.06.11"]
[Round "5"]
[White "Borukhson, Benjamin Joel"]
[Black "Kaufmann, Ben"]
[Result "1-0"]
[Termination "normal"]
[Board "4"]
[WhiteElo "1717"]
[BlackElo "1801"]
[WhiteClock "00:11:34"]
[BlackClock "00:09:08"]
[PlyCount "57"]
[WhiteFideId "34612920"]
[BlackFideId "34687068"]
[EventCountry "GER"]
[EventRounds "9"]
[EventType "swiss"]
[EventDate "2025.06.07"]

1. e4 {[%clk 01:30:56]} {[%emt 00:00:03]} e6 {[%clk 01:30:57]} {[%emt
00:00:03]} 2. d4 {[%clk 01:31:20]} {[%emt 00:00:06]} d5 {[%clk 01:31:24]}
{[%emt 00:00:03]} 3. exd5 {[%clk 01:31:46]} {[%emt 00:00:04]} exd5 {[%clk
01:31:48]} {[%emt 00:00:06]} 4. c4 {[%clk 01:32:05]} {[%emt 00:00:11]} Nf6
{[%clk 01:31:19]} {[%emt 00:00:59]} 5. Nf3 {[%clk 01:31:57]} {[%emt 00:00:38]}
c6 {[%clk 01:30:05]} {[%emt 00:01:44]} 6. Be2 {[%clk 01:30:48]} {[%emt
00:01:39]} dxc4 {[%clk 01:27:58]} {[%emt 00:02:38]} 7. Bxc4 {[%clk 01:30:58]}
{[%emt 00:00:18]} Be7 {[%clk 01:25:32]} {[%emt 00:02:56]} 8. O-O {[%clk
01:28:53]} {[%emt 00:02:35]} O-O {[%clk 01:25:36]} {[%emt 00:00:27]} 9. Nc3
{[%clk 01:28:52]} {[%emt 00:00:31]} Nbd7 {[%clk 01:24:00]} {[%emt 00:02:05]}
10. d5 {[%clk 01:27:05]} {[%emt 00:02:18]} Nb6 {[%clk 01:22:16]} {[%emt
00:02:14]} 11. Bb3 {[%clk 01:24:07]} {[%emt 00:03:28]} Nbxd5 {[%clk 01:21:37]}
{[%emt 00:01:09]} 12. Nxd5 {[%clk 01:23:47]} {[%emt 00:00:50]} Nxd5 {[%clk
01:21:49]} {[%emt 00:00:18]} 13. Re1 {[%clk 01:20:22]} {[%emt 00:03:55]} Bf6
{[%clk 01:18:10]} {[%emt 00:04:09]} 14. Qc2 {[%clk 01:18:17]} {[%emt 00:02:33]}
Bg4 {[%clk 01:13:16]} {[%emt 00:05:25]} 15. Nd2 {[%clk 01:15:50]} {[%emt
00:02:58]} Re8 {[%clk 01:08:13]} {[%emt 00:05:33]} 16. Re4 {[%clk 00:56:20]}
{[%emt 00:20:00]} Bh5 {[%clk 01:03:12]} {[%emt 00:05:31]} 17. Nf3 {[%clk
00:53:31]} {[%emt 00:03:19]} Bxf3 {[%clk 00:52:49]} {[%emt 00:10:53]} 18. gxf3
{[%clk 00:53:55]} {[%emt 00:00:05]} Qd7 {[%clk 00:52:43]} {[%emt 00:00:37]} 19.
Bd2 {[%clk 00:49:14]} {[%emt 00:05:11]} Qh3 {[%clk 00:39:51]} {[%emt 00:13:22]}
20. Rae1 {[%clk 00:40:48]} {[%emt 00:08:56]} Red8 {[%clk 00:34:49]} {[%emt
00:05:32]} 21. Ba5 {[%clk 00:30:06]} {[%emt 00:11:12]} Rf8 {[%clk 00:28:00]}
{[%emt 00:07:19]} 22. Qd3 {[%clk 00:28:59]} {[%emt 00:01:38]} Qh5 {[%clk
00:24:43]} {[%emt 00:03:46]} 23. Bc2 {[%clk 00:25:24]} {[%emt 00:04:05]} g6
{[%clk 00:22:26]} {[%emt 00:02:47]} 24. Bd2 {[%clk 00:23:48]} {[%emt 00:02:06]}
Rad8 {[%clk 00:19:55]} {[%emt 00:03:01]} 25. Qb3 {[%clk 00:20:49]} {[%emt
00:03:29]} Nb6 {[%clk 00:16:03]} {[%emt 00:04:22]} 26. Bf4 {[%clk 00:17:28]}
{[%emt 00:03:50]} Rd5 {[%clk 00:14:19]} {[%emt 00:02:14]} 27. a4 {[%clk
00:12:53]} {[%emt 00:05:06]} a5 {[%clk 00:08:58]} {[%emt 00:05:51]} 28. Qxb6
{[%clk 00:12:04]} {[%emt 00:01:20]} Qxf3 {[%clk 00:09:08]} {[%emt 00:00:19]}
29. Qe3 {[%clk 00:11:34]} {[%emt 00:00:58]} 1-0

[Event "ODJM B 2025"]
[Site "Willingen GER"]
[Date "2025.06.11"]
[Round "5"]
[White "Christen, Jan"]
[Black "Schöne, Finn"]
[Result "1-0"]
[Termination "normal"]
[Board "5"]
[WhiteElo "1809"]
[BlackElo "1843"]
[WhiteClock "00:01:47"]
[BlackClock "00:25:32"]
[PlyCount "53"]
[WhiteFideId "34643320"]
[BlackFideId "34623493"]
[EventCountry "GER"]
[EventRounds "9"]
[EventType "swiss"]
[EventDate "2025.06.07"]

1. d4 {[%clk 01:30:30]} {[%emt 00:32:35]} d5 {[%clk 01:30:30]} {[%emt
00:00:05]} 2. c4 {[%clk 01:30:30]} {[%emt 00:00:10]} e6 {[%clk 01:30:30]}
{[%emt 00:00:04]} 3. Nc3 {[%clk 01:30:30]} {[%emt 00:00:22]} c6 {[%clk
01:30:30]} {[%emt 00:00:07]} 4. e3 {[%clk 01:31:26]} {[%emt 00:01:03]} f5
{[%clk 01:30:40]} {[%emt 00:01:20]} 5. Nf3 {[%clk 01:30:20]} {[%emt 00:01:36]}
Nf6 {[%clk 01:30:54]} {[%emt 00:00:16]} 6. Be2 {[%clk 01:29:55]} {[%emt
00:00:54]} Be7 {[%clk 01:30:53]} {[%emt 00:00:30]} 7. O-O {[%clk 01:28:02]}
{[%emt 00:02:25]} O-O {[%clk 01:30:55]} {[%emt 00:00:28]} 8. Ne5 {[%emt
00:08:24]} Nbd7 {[%clk 01:30:07]} {[%emt 00:00:59]} 9. f4 {[%clk 01:18:51]}
{[%emt 00:02:05]} Ne4 {[%clk 01:29:31]} {[%emt 00:01:06]} 10. Bd2 {[%clk
01:15:34]} {[%emt 00:03:47]} Rf6 {[%clk 01:16:15]} {[%emt 00:13:46]} 11. Nxe4
{[%clk 01:06:53]} {[%emt 00:09:11]} fxe4 {[%clk 01:15:07]} {[%emt 00:01:38]}
12. Kh1 {[%clk 01:04:14]} {[%emt 00:03:09]} c5 {[%clk 01:00:07]} {[%emt
00:15:32]} 13. Bc3 {[%clk 00:56:02]} {[%emt 00:08:41]} Nxe5 {[%clk 00:52:21]}
{[%emt 00:08:15]} 14. dxe5 {[%clk 00:55:42]} {[%emt 00:00:51]} Rf8 {[%clk
00:51:24]} {[%emt 00:01:26]} 15. Qd2 {[%clk 00:49:58]} {[%emt 00:06:14]} Qd7
{[%clk 00:47:22]} {[%emt 00:04:32]} 16. Rad1 {[%clk 00:47:13]} {[%emt
00:03:15]} Rd8 {[%clk 00:47:35]} {[%emt 00:00:18]} 17. f5 {[%clk 00:44:44]}
{[%emt 00:02:58]} d4 {[%clk 00:37:02]} {[%emt 00:11:03]} 18. exd4 {[%clk
00:37:41]} {[%emt 00:07:33]} cxd4 {[%clk 00:36:23]} {[%emt 00:01:10]} 19. f6
{[%clk 00:31:18]} {[%emt 00:06:53]} Bc5 {[%clk 00:34:10]} {[%emt 00:02:42]} 20.
f7+ {[%clk 00:29:09]} {[%emt 00:02:39]} Kf8 {[%clk 00:33:06]} {[%emt 00:01:34]}
21. Qf4 {[%clk 00:10:44]} {[%emt 00:18:54]} Qc7 {[%clk 00:28:00]} {[%emt
00:05:36]} 22. Qxe4 {[%clk 00:05:43]} {[%emt 00:05:32]} dxc3 {[%clk 00:25:49]}
{[%emt 00:02:41]} 23. Qxh7 {[%clk 00:06:04]} {[%emt 00:00:09]} Bd7 {[%clk
00:25:41]} {[%emt 00:00:38]} 24. Qh8+ {[%clk 00:02:11]} {[%emt 00:04:23]} Ke7
{[%clk 00:26:06]} {[%emt 00:00:06]} 25. f8=Q+ {[%clk 00:01:22]} {[%emt
00:01:19]} Rxf8 {[%clk 00:26:28]} {[%emt 00:00:08]} 26. Qxg7+ {[%clk 00:01:47]}
{[%emt 00:00:04]} Ke8 {[%clk 00:25:32]} {[%emt 00:01:26]} 27. Bh5+ {[%emt
00:00:34]} 1-0